Mathematical Models of Electrical Network Systems Theory and Applications - An Introduction /

This book is for all those who are looking for a non-conventional mathematical model of electrical network systems. It presents a modern approach using linear algebra and derives various commonly unknown quantities and interrelations of network analysis. It also explores some applications of algebra...

Πλήρης περιγραφή

Λεπτομέρειες βιβλιογραφικής εγγραφής
Κύριος συγγραφέας: Kłos, Andrzej (Συγγραφέας)
Συγγραφή απο Οργανισμό/Αρχή: SpringerLink (Online service)
Μορφή: Ηλεκτρονική πηγή Ηλ. βιβλίο
Γλώσσα:English
Έκδοση: Cham : Springer International Publishing : Imprint: Springer, 2017.
Σειρά:Lecture Notes in Electrical Engineering, 412
Θέματα:
Διαθέσιμο Online:Full Text via HEAL-Link
LEADER 02972nam a22004695i 4500
001 978-3-319-52178-7
003 DE-He213
005 20170629063514.0
007 cr nn 008mamaa
008 170629s2017 gw | s |||| 0|eng d
020 |a 9783319521787  |9 978-3-319-52178-7 
024 7 |a 10.1007/978-3-319-52178-7  |2 doi 
040 |d GrThAP 
050 4 |a TK7881.15 
072 7 |a THRD  |2 bicssc 
072 7 |a THRM  |2 bicssc 
072 7 |a TEC046000  |2 bisacsh 
082 0 4 |a 621.317  |2 23 
100 1 |a Kłos, Andrzej.  |e author. 
245 1 0 |a Mathematical Models of Electrical Network Systems  |h [electronic resource] :  |b Theory and Applications - An Introduction /  |c by Andrzej Kłos. 
264 1 |a Cham :  |b Springer International Publishing :  |b Imprint: Springer,  |c 2017. 
300 |a IX, 105 p. 15 illus.  |b online resource. 
336 |a text  |b txt  |2 rdacontent 
337 |a computer  |b c  |2 rdamedia 
338 |a online resource  |b cr  |2 rdacarrier 
347 |a text file  |b PDF  |2 rda 
490 1 |a Lecture Notes in Electrical Engineering,  |x 1876-1100 ;  |v 412 
505 0 |a Introduction -- Basic notions -- Algebraic model of network graph -- Algebraic model of network currents -- Algebraic model of network voltages -- algebraic model of current-voltage vectors -- Formulations of Kirchhoff’s laws using matrix T -- Current voltage functional relations -- Comments to Part I -- Applications of b-dimensional formulation of Kirchhoff’s laws -- Network solution methods using algebraic network model -- Method of sensitivity analysis -- Method of arbitrary input data -- Logical optimization method of network system -- Current based method of load flow solution and research workers. . 
520 |a This book is for all those who are looking for a non-conventional mathematical model of electrical network systems. It presents a modern approach using linear algebra and derives various commonly unknown quantities and interrelations of network analysis. It also explores some applications of algebraic network model of and solves some examples of previously unsolved network problems in planning and operation of network systems. Complex mathematical aspects are illustrated and described in a way that is understandable for non-mathematicians. Discussing interesting concepts and practically useful methods of network analysis, it is a valuable resource for lecturers, students, engineers and research workers. . 
650 0 |a Engineering. 
650 0 |a Energy systems. 
650 0 |a Power electronics. 
650 1 4 |a Engineering. 
650 2 4 |a Power Electronics, Electrical Machines and Networks. 
650 2 4 |a Energy Systems. 
710 2 |a SpringerLink (Online service) 
773 0 |t Springer eBooks 
776 0 8 |i Printed edition:  |z 9783319521763 
830 0 |a Lecture Notes in Electrical Engineering,  |x 1876-1100 ;  |v 412 
856 4 0 |u http://dx.doi.org/10.1007/978-3-319-52178-7  |z Full Text via HEAL-Link 
912 |a ZDB-2-ENG 
950 |a Engineering (Springer-11647)